00231nam a2200097Ia 4500008004100000041000800041082001000049100002000059245003000079260002400109231212s1986 xx 000 0 und d aeng a620.1 aLeventhal Lanc aA.7.80 Assembley Language aPunebDhanpatc1986